| 000 | 00662nam a2200229 i 4500 | ||
|---|---|---|---|
| 001 | 000046239 | ||
| 003 | DO-SdBNP | ||
| 005 | 20230703105012.0 | ||
| 007 | ta | ||
| 008 | 150709s1988 000 spa d | ||
| 040 |
_aDO-SdBNP _bspa _cBNPHU _erda |
||
| 082 |
_bT344 _222 |
||
| 245 | 0 |
_aTestimonio de una crisis : _bbalance y actualuidad nacional. |
|
| 264 |
_aSanto Domingo : _bBloque socialista, _c1988. |
||
| 300 |
_a27 aginas. : _bilustraciones. : ; _c16 cm. |
||
| 336 |
_2rdacontent _atexto _btxt |
||
| 337 |
_2rdamedia _asin mediación _bn |
||
| 338 |
_2rdacarrier _avolumen _bnc |
||
| 590 | _aInventariado, 2023 / DG | ||
| 910 | _aDG | ||
| 942 |
_2ddc _cLBS1 |
||
| 999 |
_c45728 _d45728 |
||